|
|
|
|
| LEADER |
00000cam a2200000 7i4500 |
| 001 |
0000011434 |
| 002 |
000012476 |
| 005 |
20000330.0 |
| 020 |
|
|
|a T000000994
|
| 090 |
0 |
0 |
|a 297.1229
|b AMR
|
| 100 |
0 |
|
|a Amran Kasimin
|f Dr
|
| 245 |
1 |
0 |
|a Rawatan pesakit menurut Al-Quran dan As Sunnah
|c Amran Kasimin dan Prof.Dr. Harun Din
|
| 260 |
|
|
|a Kuala Lumpur :
|b Percetakan Watan Sdn.Bhd. ,
|c 1990
|
| 300 |
|
|
|a 134p. ;
|c 22cm.
|
| 650 |
0 |
0 |
|a Quran
|x Evidences, authority, etc
|
| 650 |
0 |
0 |
|a Traditional medicine
|
| 999 |
|
|
|a 022577
|b BUKU
|c PINJAMAN
|e PERPUSTAKAAN KOMUNITI PETALING JAYA
|
| 999 |
|
|
|a 043734
|b BUKU
|c PINJAMAN
|e PERPUSTAKAAN KOMUNITI PETALING JAYA
|